Statystyki dla Najwięcej naciśnięć klawiszy - 15-sekundowy sprint

Kliknij tutaj aby rozwiązać quiz!

Ogólne statystyki

  • Ten quiz został rozwiązany 2 122 razy
  • Średni wynik to 51 z 160

Statystyki odpowiedzi

#% Poprawnych
1
99%
2
92%
3
90%
4
88%
5
86%
6
85%
7
83%
8
81%
9
79%
10
77%
11
77%
12
76%
13
75%
14
75%
15
74%
16
72%
17
70%
18
69%
19
68%
20
66%
21
66%
22
66%
23
63%
24
63%
25
62%
26
60%
27
59%
28
59%
29
57%
30
55%
31
54%
32
54%
33
53%
34
52%
35
52%
36
52%
37
51%
38
51%
39
50%
40
49%
41
48%
42
47%
43
46%
44
45%
45
44%
46
44%
47
43%
48
43%
49
43%
50
42%
51
41%
52
41%
53
41%
54
41%
55
40%
56
40%
57
39%
58
39%
59
38%
60
38%
61
37%
62
36%
63
35%
64
34%
65
34%
66
33%
67
32%
68
31%
69
31%
70
30%
71
29%
72
29%
73
29%
74
28%
75
27%
76
27%
77
27%
78
26%
79
26%
80
25%
81
25%
82
25%
83
24%
84
24%
85
24%
86
23%
87
23%
88
23%
89
22%
90
22%
91
21%
92
21%
93
21%
94
21%
95
21%
96
20%
97
20%
100
18%
98
18%
99
18%
101
17%
102
17%
103
17%
104
17%
105
16%
106
16%
107
15%
108
15%
109
15%
110
14%
111
14%
112
14%
113
13%
114
13%
115
13%
116
13%
117
12%
118
12%
119
12%
120
11%
121
11%
122
10%
123
10%
124
10%
125
10%
126
9%
127
8%
128
8%
129
8%
130
8%
131
7%
132
7%
133
7%
134
7%
135
6%
136
6%
137
6%
138
6%
139
5%
140
5%
141
5%
142
4%
143
4%
144
4%
145
4%
146
3%
147
3%
148
3%
149
3%
150
3%
151
3%
152
3%
153
2%
154
2%
155
2%
156
2%
157
2%
159
2%
160
2%
158
1%

Rozkład punktacji

Percentyl według liczby udzielonych odpowiedzi

Procent ludzi z każdym wynikiem

Twoja historia wyników

Nie rozwiązałeś tego quizu